00499nam a22001692 4500001001100000005001700011008004100028020001600069040001500085050001800100100003100118245006400149260003000213300001100243650004100254650003400295000000316420151217155819.0070430s xx 000 0 eng d a582640105 : aKABUcKABU 0aHN773.5b.M391 aMazrui, Ali A.@000015285610aViolence and thought :bessays on social tension in Africa. aLondon :bLongman,c1969. a351 p. 0aSocial conflictzAfrica.@0000152857 0aViolencezAfrica.@0000152858